| 000 | 00000nam##2200000za#4500 |
| 001 | 9.574986 |
| 003 | CaOODSP |
| 005 | 20210624184440 |
| 007 | cr ||||||||||| |
| 008 | 150406|2002||||xxc|||||o f|0| 0 eng|d |
| 022 | |a1488-5379 |
| 040 | |aCaOODSP|beng |
| 043 | |an-cn--- |
| 086 | 1 |aFs97-6/2419E-PDF |
| 110 | 1 |aCanada. |bDepartment of Fisheries and Oceans. |
| 245 | 10|aSurvey results of green sea urchin (Strongylocentrotus droebachiensis) populations in Queen Charlotte Strait, British Columbia, November, 1996 and February, 1997 / |h[electronic resource]|cby B.J. Waddell ... [et al.] |
| 260 | |aNanaimo - British Columbia : |bFisheries and Oceans Canada |cc2002. |
| 300 | |a47p.|bfigs., references, tables |
| 490 | 1 |aCanadian technical report of fisheries and aquatic sciences|x1488-5379|vNo. 2419 |
| 500 | |aThe catalogue number and ISSN for the print edition appear in this electronic version. |
| 590 | |a12-37-Supp|b2012-09-24 |
| 720 | 1 |aWaddell, B. J. |
| 830 | #0|aCanadian technical report of fisheries and aquatic sciences,|x1488-5379|vNo. 2419|w(CaOODSP)9.504449 |
| 856 | 40|ahttp://publications.gc.ca|qPDF|s7456 KB|uhttps://publications.gc.ca/collections/collection_2012/mpo-dfo/Fs97-6-2476-eng.pdf|yNo. 2419 |